El judío errante / (Record no. 18091)
[ view plain ]
| 000 -CABECERA | |
|---|---|
| campo de control de longitud fija | 00624nam a2200193 a 4500 |
| 001 - NÚMERO DE CONTROL | |
| campo de control | 000018571 |
| 005 - FECHA Y HORA DE LA ÚLTIMA TRANSACCIÓN | |
| campo de control | 20200929165826.0 |
| 008 - DATOS DE LONGITUD FIJA--INFORMACIÓN GENERAL | |
| campo de control de longitud fija | 100511nuuuuuuuufr a r 000 f spa d |
| 040 ## - FUENTE DE LA CATALOGACIÓN | |
| Centro catalogador/agencia de origen | DO-SdBNP |
| Lengua de catalogación | spa |
| Centro/agencia transcriptor | BNPHU |
| 082 ## - NÚMERO DE LA CLASIFICACIÓN DECIMAL DEWEY | |
| Número de clasificación | 843.8 |
| Número de documento/Ítem | G643j |
| 100 1# - ENTRADA PRINCIPAL--NOMBRE DE PERSONA | |
| Nombre de persona | Sue, Eugéne, |
| Fechas asociadas al nombre | 1804-1857 |
| 9 (RLIN) | 13800 |
| 245 13 - MENCIÓN DE TÍTULO | |
| Título | El judío errante / |
| Mención de responsabilidad, etc. | Eugenio Sue ; traducción al español Claudio Santos González. |
| 260 ## - PUBLICACIÓN, DISTRIBUCIÓN, ETC. | |
| Lugar de publicación, distribución, etc. | París : |
| Nombre del editor, distribuidor, etc. | Garnier Hermanos, |
| Fecha de publicación, distribución, etc. | [s. f.]. |
| 300 ## - DESCRIPCIÓN FÍSICA | |
| Extensión | T.1. |
| 500 ## - NOTA GENERAL | |
| Nota general | Biblioteca posee tomo 1 |
| 650 #4 - PUNTO DE ACCESO ADICIONAL DE MATERIA--TÉRMINO DE MATERIA | |
| Término de materia o nombre geográfico como elemento de entrada | Novela francesa |
| 9 (RLIN) | 1075 |
| 650 #4 - PUNTO DE ACCESO ADICIONAL DE MATERIA--TÉRMINO DE MATERIA | |
| Término de materia o nombre geográfico como elemento de entrada | Literatura francesa |
| 9 (RLIN) | 1074 |
| 700 1# - PUNTO DE ACCESO ADICIONAL--NOMBRE DE PERSONA | |
| Nombre de persona | Santos González, Claudio, |
| Término indicativo de función/relación | tr. |
| 9 (RLIN) | 40161 |
| Estado de retiro | Estado de pérdida | Restricciones de uso | No para préstamo | Código de colección | Localización permanente | Ubicación/localización actual | Ubicación en estantería | Fecha de adquisición | Número de inventario | Total de préstamos | Signatura topográfica completa | Código de barras | Fecha visto por última vez | Precio válido a partir de | Tipo de ítem Koha |
|---|---|---|---|---|---|---|---|---|---|---|---|---|---|---|---|
| Monografías: Libros y Folletos | General | General | En catalogación | 11.05.2010 | LF1 | t.1 | 18571-10 | 25.06.2020 | 25.06.2020 | Préstamo en sala |
